Statistiques concernant Culture Générale - Série 1018

Cliquez ici pour prendre le quiz!

Statistiques générales

  • Ce quiz a été pris 38 fois
  • Le résultat moyen est 7 sur 10

Statistiques - réponses

Question Réponse % Correct
Dans le conte de Perrault, en quoi les chevaux du carrosse de Cendrillon se transforment-ils passé minuit ?souris
92%
Dans quel pays européen se trouve le port de Douvres ?Royaume-Uni
89%
En 1974, Annie Cordy fait un triomphe en chantant "La Bonne du...curé
86%
Dans le langage hôtelier, comment nomme-t-on une nuit passée dans un établissement d'hébergement payant ?nuitée
84%
Quel verbe signifie : "s'adresser à quelqu'un en usant de la deuxième personne du singulier" ?tutoyer
78%
Une célèbre oeuvre posthume de Jean-Jacques Rousseau s'intitule "Rêveries du promeneur...solitaire
68%
Quel général romain, victorieux à Zama, a reçu le titre d'“Africain” ?Scipion
54%
Quel footballeur français est le recordman des sélections en équipe de France ?Lilian Thuram
49%
Comment appelle-t-on les habitants de Vichy ?Vichyssois
46%
A quel auteur français, prénommé Pierre, doit-on le roman “L'Atlantide” ?Pierre Benoit
16%

Distribution des résultats

Percentile par nombre de réponses

% des personnes avec chaque résultat

Votre développement - résultats

Vous n’avez pas pris ce quiz